NATO : (Record no. 751162)
[ view plain ]
| 000 -LEADER | |
|---|---|
| fixed length control field | 00866cam a22002175i 4500 |
| 020 ## - INTERNATIONAL STANDARD BOOK NUMBER | |
| ISBN | 9789392018909 |
| 020 ## - INTERNATIONAL STANDARD BOOK NUMBER | |
| ISBN | 9392018908 |
| 082 04 - DEWEY DECIMAL CLASSIFICATION NUMBER | |
| Classification number | 355.031 091 821 DAG/N |
| Edition number | 23 |
| 100 1# - MAIN ENTRY--AUTHOR NAME | |
| Personal name | Dagdelen, Sevim, |
| 240 10 - UNIFORM TITLE | |
| Uniform title | NATO. |
| 245 10 - TITLE STATEMENT | |
| Title | NATO : |
| Sub Title | a reckoning with the Atlantic alliance / |
| Statement of responsibility, etc | Sevim Dagdelen ; foreword by Katrina vanden Heuvel ; translated from German by Michael Schiffmann. |
| 260 ## - PUBLICATION, DISTRIBUTION, ETC. (IMPRINT) | |
| Place of publication | . -New Delhi |
| Name of publisher | : Leftwood Books |
| Year of publication | , 2024 |
| 300 ## - PHYSICAL DESCRIPTION | |
| Number of Pages | 128 pages ; |
| 500 ## - GENERAL NOTE | |
| General note | Originally published in German as Die NATO -- Eine Abrechnung mit dem Wertebündnis Neu-Isenberg. Westend Verlag GmbH, 2024. |
| 504 ## - BIBLIOGRAPHY, ETC. NOTE | |
| Bibliography, etc | Includes bibliographical references. |
| 650 #0 - SUBJECT ADDED ENTRY--TOPICAL TERM | |
| Topical Term | Security, International. |
| 700 1# - ADDED ENTRY--PERSONAL NAME | |
| Personal name | Vanden Heuvel, Katrina, Forward |
| 700 1# - ADDED ENTRY--PERSONAL NAME | |
| Personal name | Schiffmann, Michael,Translator |
| 942 ## - ADDED ENTRY ELEMENTS (KOHA) | |
| Source of classification or shelving scheme | Dewey Decimal Classification |
| Koha item type | Book |
| Withdrawn status | Lost status | Source of classification or shelving scheme | Damaged status | Not for loan | Home Library | Current Location | Date acquired | Full call number | Accession Number | Price effective from | Koha item type |
|---|---|---|---|---|---|---|---|---|---|---|---|
| Dewey Decimal Classification | Dept. of Political Science | Dept. of Political Science | 07/02/2025 | 355.031 091 821 DAG/N | POL23750 | 02/09/2025 | Book |
